000
00326 a2200145 4500
001
150663
040
_c
Escola São Tomás de Aquino
100
_a
ROCHA, Tânia
240
1
0
_a
Jogos matemáticos
_l
por
245
1
0
_a
Jogos matemáticos
300
_a
75
440
1
_a
Editora do Brasil
697
_a
MATEMÁTICA
942
_c
BK
999
_c
150663
_d
150663